00659nam a2200241 a 4500001001300000003000900013005001700022008004100039020001000080082001900090100001700109245002000126260003200146300000900178500003500187505001300222650002000235700001700255902000800272942000700280952011500287999001500402nice12345678IN_TiNIC20260116011902.0050524s0000 dela grp 000 0 urd  ac7.500a891.4393bJAF1 aJaffar, Abid aSaahil Se Pahle aDelhibTaj Publishersc0000 a320p aincludes index and biblioraphy2 aAppendix aUrdu-Literature1 aJaffar, Abid bSRS cBK 001040708StackRoom-aHMIbHMId2007-05-31g7.50l0o891.4393 JAF1p05643r2007-05-31v7.50w2005-05-24yBK c4713d4713